[Event "Caorle op"]
[Site "Caorle"]
[Date "1989.??.??"]
[Round "2"]
[White "Nagy, Janos"]
[Black "Zlatanovic, Zoran"]
[Result "1-0"]
[WhiteElo "2250"]
[BlackElo "2000"]

1.e4 c5 2.Nf3 Nc6 3.d4 cxd4 4.Nxd4 Qb6 5.Nb3 Nf6 6.Nc3 e6 7.Be3 Qc7 8.Bd3 d6
9.O-O a6 10.a4 b6 11.f4 Be7 12.Qf3 Bb7 13.Qh3 Nb4 14.Bd4 e5 15.fxe5 dxe5
16.Qg3 Nc6 17.Be3 g6 18.Bc4 Nd8 19.Nd2 Ne6 20.Nd5 Bxd5 21.exd5 Ng7 22.d6 Qxd6
23.Ne4 Qc6 24.Rxf6 Qxc4 25.Qxe5 O-O 26.Qxe7 Rae8 27.Nd6 Qb4 28.Rf4 Rxe7 29.Rxb4 Rxe3
30.Rxb6 Re2 31.Rxa6 Rxc2 32.Rb6 Rd8 33.a5 Nf5 34.Nxf5 gxf5 35.Rb3 f4 36.a6 Rdd2
37.Rh3 Rc8 38.a7 Rdd8 39.Rb3 Kg7 40.Rb7 Kf6 41.b4 Rg8 42.Kf2 Rc2+ 43.Kf3 Rgxg2
44.Rf1 Rg8 45.Rb8 Rcc8 46.Rxc8 Rxc8 47.Ra1  1-0

[Event "Copenhagen Obro op"]
[Site "Copenhagen"]
[Date "1989.??.??"]
[Round "8"]
[White "Nizynski, Maciej"]
[Black "Adamski, Jan"]
[Result "0-1"]
[WhiteElo "2270"]
[BlackElo "2405"]

1.e4 c5 2.Nf3 Nc6 3.d4 cxd4 4.Nxd4 Qb6 5.Nb3 Nf6 6.Nc3 e6 7.Bd3 a6 8.Be3 Qc7
9.f4 d6 10.Qf3 b5 11.a3 Bb7 12.O-O Be7 13.Nd4 O-O 14.g4 Nxd4 15.Bxd4 e5 16.Be3 exf4
17.Bxf4 Nd7 18.g5 f6 19.g6 hxg6 20.Qg4 f5 21.Qxg6 Qc5+ 22.Kg2 Rf6 23.Qg3 Ne5
24.Qe3 Qxe3 25.Bxe3 Raf8 26.Rad1 Ng4 27.Bd4 Rg6 28.Kh1 Bf6 29.Bxf6 Rfxf6
30.Rde1 Rh6 31.Nd5 Bxd5 32.exd5 Nxh2  0-1

[Event "Dortmund op"]
[Site "Dortmund"]
[Date "1989.??.??"]
[Round "9"]
[White "Kaeser, Udo"]
[Black "Davidovic, Aleksandar"]
[Result "0-1"]
[WhiteElo "2265"]
[BlackElo "2425"]

1.e4 c5 2.Nf3 Nc6 3.d4 cxd4 4.Nxd4 Qb6 5.Nb3 Nf6 6.Nc3 e6 7.Be3 Qc7 8.a3 a6
9.f4 d6 10.g4 b5 11.Qf3 Rb8 12.g5 Nd7 13.O-O-O b4 14.axb4 Rxb4 15.Nd4 Be7
16.Bh3 Nb6 17.Nxc6 Qxc6 18.Bd4 O-O 19.Rhg1 Bb7 20.f5 exf5 21.Bxf5 Rxd4 22.Rxd4 Qc5
23.Rdd1 g6 24.Nd5 Bxd5 25.exd5 gxf5 26.Qxf5 Nc4 27.g6 Qe3+ 28.Kb1 fxg6 29.Rxg6+ Kh8
30.Qh5 Rb8 31.Rg3 Nd2+ 32.Rxd2 Qxd2 33.Qf7 Qe1+ 34.Ka2 Qe5 35.c3 Rf8 36.Qe6 Qxe6
37.dxe6 Rf2 38.Rg4 Rxh2 39.Ra4 Kg7 40.Rxa6 Kf6  0-1

[Event "FRA-ch"]
[Site "?"]
[Date "1989.??.??"]
[Round "?"]
[White "Prie, Eric"]
[Black "Giffard, Nicolas"]
[Result "1/2-1/2"]
[WhiteElo "2405"]
[BlackElo "2335"]

1.e4 c5 2.Nf3 Nc6 3.d4 cxd4 4.Nxd4 Qb6 5.Nb3 Nf6 6.Nc3 e6 7.Be3 Qc7 8.f3 Bb4
9.Qd2 d5 10.a3 Bxc3 11.Qxc3 dxe4 12.fxe4 O-O 13.Bd3 Ng4 14.Bc5 Rd8 15.O-O-O b6
16.h3 Nge5 17.Be3 Nxd3+ 18.cxd3 Ba6 19.Kb1 Rac8 20.d4 Qg3 21.Bc1 Qg6 22.Qe3 Bc4
23.Na1 f5 24.b3 Ba6 25.Rhe1 fxe4 26.Qxe4 Rxd4 27.Rxd4 Nxd4 28.Qxg6 hxg6 29.Re3 Kf7
30.Bb2 Nf5 31.Rf3 Bb7 32.Rf2 Be4+ 33.Ka2 Kg8 34.g4 Nh4 35.Re2 Bd5 36.Nc2 Ng2
37.Nb4 Nf4 38.Nxd5 exd5 39.Re7 Rc2 40.Kb1  1/2-1/2

[Event "Gran Canaria-ch"]
[Site "Gran Canaria"]
[Date "1989.??.??"]
[Round "?"]
[White "Mendoza, Lucas"]
[Black "Sarmiento, Braulio Alfonso"]
[Result "1/2-1/2"]
[WhiteElo "2325"]
[BlackElo "2280"]

1.e4 c5 2.Nf3 Nc6 3.d4 cxd4 4.Nxd4 Qb6 5.Nb3 Nf6 6.Nc3 e6 7.Be3 Qc7 8.a3 a6
9.f4 d6 10.Be2 Be7 11.O-O O-O 12.Bf3 Rb8 13.Qe1 b5 14.Qf2 b4 15.axb4 Rxb4
16.Kh1 Bb7 17.Nc1 e5 18.Nd5 Nxd5 19.exd5 Nb8 20.c3 Rb5 21.Be2 Rxb2 22.fxe5 Bxd5
23.Nd3 Rxe2 24.Qxe2 dxe5 25.Qg4 Be6 26.Qg3 f6 27.Rfc1 Kh8 28.Qf2 Rc8 29.c4  1/2-1/2

[Event "EU-chT"]
[Site "Haifa"]
[Date "1989.??.??"]
[Round "7"]
[White "Fernandez Aguado, Enrique"]
[Black "Bern, Ivar"]
[Result "1-0"]
[WhiteElo "2370"]
[BlackElo "2355"]

1.e4 c5 2.Nf3 Nc6 3.d4 cxd4 4.Nxd4 Qb6 5.Nb3 Nf6 6.Nc3 e6 7.Bd3 a6 8.Be3 Qc7
9.f4 d6 10.Qf3 Nd7 11.O-O Be7 12.Kh1 O-O 13.a3 Re8 14.Qh3 Nf8 15.Rf3 b5 16.Raf1 b4
17.Ne2 Bf6 18.axb4 Nxb4 19.e5 Be7 20.Bd4 Nxd3 21.cxd3 Qc2 22.Nbc1 Ng6 23.Bc3 Qa4
24.Qh5 dxe5 25.Rh3 h6 26.fxe5 Bb7 27.Nd4 Bg5 28.Nce2 Bd5 29.Nf3 Bd8 30.Rg3 Qd7
31.Qg4 Qb7 32.Nf4 Bxf3 33.gxf3 Bh4 34.Rg2 Bg5 35.Nxg6 fxg6 36.h4 Bd8 37.Qxg6 Qe7
38.Rg4 Bb6 39.d4 Qf7 40.Qxf7+ Kxf7 41.Rfg1 Rg8 42.Rf4+ Ke7 43.Rg6 a5 44.d5  1-0

[Event "JUG-ch"]
[Site "?"]
[Date "1989.??.??"]
[Round "?"]
[White "Ilincic, Zlatko"]
[Black "Damljanovic, Branko"]
[Result "0-1"]
[WhiteElo "2430"]
[BlackElo "2530"]

1.e4 c5 2.Nf3 Nc6 3.d4 cxd4 4.Nxd4 Qc7 5.Nc3 e6 6.Be2 a6 7.O-O Nf6 8.Kh1 Be7
9.Be3 O-O 10.f4 d6 11.Qe1 Bd7 12.Qg3 Kh8 13.Rad1 Rae8 14.Nb3 Bc8 15.Bf3 b5
16.a3 b4 17.axb4 Nxb4 18.Qf2 Bb7 19.Na5 Ba8 20.Bb6 Qc8 21.Rd4 d5 22.exd5 exd5
23.Nb3 Qb8 24.Bc5 Bxc5 25.Nxc5 Nc6 26.Ra4 d4 27.Nxa6 Qxb2 28.Nd1 Qb6 29.Nc3 Na5
30.Bxa8 Qxa6 31.Bf3 dxc3 32.Rfa1 Qd6 33.Rxa5 Qxf4 34.g3 Qh6 35.Rc5 Rc8 36.Rxc8 Rxc8
37.Rd1 Qg5 38.Qd4 h5 39.Bb7 Rc5 40.Bf3 Qf5 41.Qd8+ Kh7 42.Qd3 g5 43.h3 g4
44.hxg4 hxg4 45.Bb7 Kg6 46.Qxf5+ Kxf5 47.Rd3 Rc7 48.Ba8 Nd7 49.Rd4 Ne5 50.Rf4+ Ke6
51.Be4 Rc4 52.Kg2 Rd4 53.Bf5+ Kd5 54.Rxd4+ Kxd4 55.Kf2 f6 56.Ke2 Nc4 57.Bxg4 Ne3
58.Bh5 Nxc2 59.Bg6 Ne3 60.Bd3 c2  0-1

[Event "JUG-ch"]
[Site "?"]
[Date "1989.??.??"]
[Round "?"]
[White "Ilincic, Zlatko"]
[Black "Barlov, Dragan"]
[Result "1/2-1/2"]
[WhiteElo "2430"]
[BlackElo "2490"]

1.e4 c5 2.Nf3 Nc6 3.d4 cxd4 4.Nxd4 Qc7 5.Nc3 e6 6.Be2 a6 7.O-O Nf6 8.Kh1 Be7
9.Be3 O-O 10.f4 d6 11.Qe1 Bd7 12.Qg3 Kh8 13.Rae1 Rae8 14.Nf3 d5 15.e5 Ne4
16.Nxe4 dxe4 17.Nd2 Nb4 18.c3 Nc2 19.Rd1 Bc6 20.Bg1 Rd8 21.Nb3 a5 22.Rc1 a4
23.Rxc2 axb3 24.axb3 Bd5 25.c4 Bc6 26.Qc3 f6 27.Bd4 fxe5 28.Bxe5 Bd6 29.Rd2 Bxe5
30.Rxd8 Qxd8 31.fxe5 Rxf1+ 32.Bxf1 Qf8 33.Qe1 Qf4 34.b4 e3 35.Kg1 h6 36.b5 Be8
37.g3 Qxe5 38.Qc3 Qe4 39.Qd3 Qf3 40.Qe2 Qe4 41.Qd3  1/2-1/2

[Event "Las Palmas op"]
[Site "Las Palmas"]
[Date "1989.??.??"]
[Round "?"]
[White "Magem Badals, Jorge"]
[Black "Sarmiento, Braulio Alfonso"]
[Result "1-0"]
[WhiteElo "2425"]
[BlackElo "2280"]

1.e4 c5 2.Nf3 Nc6 3.d4 cxd4 4.Nxd4 Qb6 5.Nb3 Nf6 6.Nc3 e6 7.Bd3 Be7 8.Be3 Qc7
9.f4 d6 10.Qf3 a6 11.g4 Nd7 12.g5 b5 13.O-O-O b4 14.Ne2 a5 15.Nbd4 Nxd4 16.Nxd4 a4
17.Nb5 Qb8 18.Kb1 Ra5 19.Nd4 Qc7 20.f5 e5 21.Ne2 g6 22.Ng3 a3 23.b3 Qc3 24.Bc1 Bd8
25.Rhf1 Rf8 26.Ne2 Qc7 27.Bd2 Qb7 28.h4 Nc5 29.Ng3 Bd7 30.h5 gxf5 31.Nxf5 Bxf5
32.Qxf5 Nxd3 33.cxd3 Qb6 34.g6 hxg6 35.hxg6 Ra7 36.g7 Rg8 37.Qh7 Qd4 38.Qxg8+ Ke7
39.Rxf7+  1-0

[Event "Leningrad-chT"]
[Site "Leningrad"]
[Date "1989.??.??"]
[Round "?"]
[White "Yurtaev, Leonid"]
[Black "Karasev, Vladimir I"]
[Result "1-0"]
[WhiteElo "2505"]
[BlackElo "2370"]

1.e4 c5 2.Nf3 Nc6 3.d4 cxd4 4.Nxd4 Qb6 5.Nb3 Nf6 6.Nc3 e6 7.Be2 Bb4 8.O-O O-O
9.Qd3 Bxc3 10.bxc3 d5 11.exd5 exd5 12.Bf4 Re8 13.Rab1 Ne5 14.Qd4 Nc6 15.Qxb6 axb6
16.Bd3 Ne4 17.Rfe1 Be6 18.Nc1 Nxc3 19.Rxb6 Bf5 20.Rxe8+ Rxe8 21.Bd2 Bxd3
22.cxd3 Ne2+ 23.Kf1 Nxc1 24.Bxc1 Re7 25.Ba3 Rd7 26.Bb2 f6 27.h3 Kf7 28.g4 Ne5
29.Ke2 Re7 30.Bxe5 fxe5 31.Ke3 Ke8 32.f3 g5 33.Rb5 Rd7 34.d4 exd4+ 35.Kxd4 Rf7
36.Rb3 Kd8 37.Kxd5 Kc7 38.Ke5 b5 39.h4 gxh4 40.f4 Re7+ 41.Kf6 Re4 42.Kg5 b4
43.f5 Kd8 44.a3 bxa3 45.Rxa3 Ke8 46.Ra7 h6+ 47.Kxh4 Re1 48.Kh5 Rg1 49.Ra4 Rh1+
50.Kg6  1-0

[Event "Leningrad-chT"]
[Site "Leningrad"]
[Date "1989.??.??"]
[Round "?"]
[White "Klovans, Janis"]
[Black "Karasev, Vladimir I"]
[Result "1/2-1/2"]
[WhiteElo "2355"]
[BlackElo "2370"]

1.e4 c5 2.Nf3 Nc6 3.d4 cxd4 4.Nxd4 Qb6 5.Nb3 Nf6 6.Nc3 e6 7.Bd3 Bb4 8.O-O O-O
9.Bg5 Bxc3 10.bxc3 Ne8 11.c4 d6 12.c5 Qc7 13.Bb5 e5 14.Qd3 dxc5 15.Nxc5 Nd4
16.Nb3 Ne6 17.Be3 Nd6 18.Qd5 Nxb5 19.Qxb5 Bd7 20.Qe2 Rfc8 21.Rfd1 Be8 22.Rac1 b5
23.f3 b4 24.Rd5 f6 25.Qd2 a5 26.Nc5 Nd4 27.Bxd4 exd4 28.Qxd4 Bf7 29.Rd7 Rd8
30.Rxc7 Rxd4 31.Nb3 Rdd8 32.c4 a4 33.Nc5 h5 34.Rb1 b3 35.axb3 a3 36.Rd7 Rxd7
37.Nxd7 Rd8 38.Nc5 a2 39.Ra1 Rd2 40.h4 Rb2 41.Kh2 g5 42.Na4 Rc2 43.Nb6 gxh4
44.Nd5 Rb2 45.Nxf6+ Kg7 46.Nd5 Be6 47.Nf4 Bc8 48.b4 Kf6 49.b5 Kg5 50.Nd3 Rd2
51.Nb4 Rb2 52.Nd3 Rd2 53.Nb4 Rb2 54.Nd3 Rd2  1/2-1/2

[Event "Lenk op"]
[Site "Lenk"]
[Date "1989.??.??"]
[Round "?"]
[White "Gallagher, Joseph G"]
[Black "Barlov, Dragan"]
[Result "1/2-1/2"]
[WhiteElo "2405"]
[BlackElo "2490"]

1.e4 c5 2.Nf3 Nc6 3.d4 cxd4 4.Nxd4 Qc7 5.Nc3 e6 6.Be2 a6 7.O-O Nf6 8.Be3 Bb4
9.Na4 Bd6 10.g3 Be7 11.c4 Nxe4 12.Bf3 Nf6 13.c5 O-O 14.Rc1 g6 15.Re1 e5 16.Nb3 d6
17.cxd6 Bxd6 18.Na5 e4 19.Bb6 Qd7 20.Nxc6 exf3 21.Qxf3 Ng4 22.h3 bxc6 23.hxg4 Qxg4
24.Qxc6 Qd7 25.Qxd7  1/2-1/2

[Event "Novi Sad op"]
[Site "Novi Sad"]
[Date "1989.??.??"]
[Round "2"]
[White "Vlaovic, Djordje"]
[Black "Kocovski, Ivan"]
[Result "1-0"]
[WhiteElo "2250"]
[BlackElo "2350"]

1.e4 c5 2.Nf3 Nc6 3.d4 cxd4 4.Nxd4 Qb6 5.Nb3 Nf6 6.Nc3 e6 7.Bd3 a6 8.O-O Be7
9.a4 Qc7 10.Be3 b6 11.f4 d6 12.Qf3 O-O 13.Rae1 Bb7 14.Qh3 Nb4 15.Bd2 Nxd3
16.cxd3 b5 17.Rc1 Qd7 18.Na5 bxa4 19.Ra1 Bc8 20.Nxa4 Qb5 21.Qf3 Bd7 22.Nc4 d5
23.Ne5 Be8 24.Rfc1 Qb7 25.exd5 Bxa4 26.Rxa4 Nxd5 27.Nc4 Qb3 28.Rca1 Bc5+
29.Kh1 Nb6 30.Nxb6 Qxb6 31.Bc3 Rfc8 32.f5 exf5 33.Qxf5 Bf8 34.Rf1 Qg6 35.Qf3 Ra7
36.Rg4 Qh6 37.Qg3 g6 38.Rh4  1-0

[Event "Novi Sad op"]
[Site "Novi Sad"]
[Date "1989.??.??"]
[Round "6"]
[White "Yudasina, Irina"]
[Black "Kocovski, Ivan"]
[Result "1-0"]
[WhiteElo "2250"]
[BlackElo "2300"]

1.e4 c5 2.Nf3 Nc6 3.d4 cxd4 4.Nxd4 Qb6 5.Nb3 Nf6 6.Nc3 e6 7.Be3 Qc7 8.g3 Bb4
9.Bg2 d5 10.O-O Bxc3 11.bxc3 Nxe4 12.c4 O-O 13.cxd5 Nc3 14.d6 Nxd1 15.dxc7 Nxe3
16.fxe3 Nb4 17.Rad1 Na6 18.Na5 Nxc7 19.Nxb7 Rb8 20.Nd8 Ba6 21.Rxf7 Rxf7 22.Nxf7 Kxf7
23.Rd7+ Kf6 24.Rxc7 Rb1+ 25.Kf2 Rd1 26.g4 Rd2+ 27.Kg3 Be2 28.Be4 h5 29.gxh5 Bxh5
30.Rxa7 Re2 31.Ra3 Ke5 32.Bg2 Bg6 33.c4 Bb1 34.c5 Bxa2 35.Rc3  1-0

[Event "Novi Sad op"]
[Site "Novi Sad"]
[Date "1989.??.??"]
[Round "9"]
[White "Rajic, Dobrivoje"]
[Black "Kocovski, Ivan"]
[Result "0-1"]
[WhiteElo "2250"]
[BlackElo "2300"]

1.e4 c5 2.Nf3 Nc6 3.d4 cxd4 4.Nxd4 Qb6 5.Nb3 Nf6 6.Nc3 e6 7.Be3 Qc7 8.Bd3 a6
9.f4 d6 10.g4 b5 11.g5 Nd7 12.O-O g6 13.h4 Bb7 14.a4 b4 15.Ne2 Bg7 16.c3 O-O
17.f5 exf5 18.exf5 Nce5 19.f6 Qc6 20.Nf4 Qh1+ 21.Kf2 Qxh4+ 22.Ke2 Rfe8 23.Kd2 Nxd3
24.Nxd3 bxc3+ 25.bxc3 Rxe3 26.fxg7 Qxg5 27.Nd4 Nc5 28.Nf4 Rd3+  0-1

[Event "Novosibirsk"]
[Site "Novosibirsk"]
[Date "1989.??.??"]
[Round "?"]
[White "Semeniuk, Alexander A"]
[Black "Karasev, Vladimir I"]
[Result "0-1"]
[WhiteElo "2365"]
[BlackElo "2370"]

1.e4 c5 2.Nf3 Nc6 3.d4 cxd4 4.Nxd4 Qb6 5.Nb3 Nf6 6.Nc3 e6 7.Bd3 Bb4 8.O-O O-O
9.Be3 Qc7 10.f4 Bxc3 11.bxc3 e5 12.Kh1 d6 13.f5 h6 14.Qe1 Qe7 15.Qh4 Nh7
16.Qg3 Kh8 17.Nd2 b6 18.Rf2 Bb7 19.Raf1 Qf6 20.h4 Na5 21.Nf3 Qe7 22.Ng5 Nf6
23.Bd2 Rac8 24.Re2 Nc4 25.Bc1 b5 26.Nf3 Rfe8 27.Rfe1 Qc7 28.Bg5 Nh7 29.Bc1 a6
30.Qh2 Nf6 31.Bg5 Rg8 32.Qh3 Rce8 33.Bxf6 gxf6 34.Nh2 Nb6 35.Ng4 Kg7 36.Qe3 Rh8
37.Qg3 Reg8 38.h5 Kf8 39.Qh4 Rg5 40.Nxf6 Qxc3 41.Ng4 Nd7 42.Nxh6 f6 43.Re3 Rxh6
44.g4 Nc5 45.Kh2 Qd4 46.Kh3 b4 47.R1e2 Bc6 48.Qe1 Be8 49.Rg3 d5 50.Rd2 Bxh5  0-1

[Event "Novosibirsk"]
[Site "Novosibirsk"]
[Date "1989.??.??"]
[Round "?"]
[White "Novik, Maxim"]
[Black "Karasev, Vladimir I"]
[Result "0-1"]
[WhiteElo "2380"]
[BlackElo "2370"]

1.e4 c5 2.Nf3 Nc6 3.d4 cxd4 4.Nxd4 Qb6 5.Nb3 Nf6 6.Nc3 e6 7.a3 a6 8.Bf4 Ne7
9.e5 Nfd5 10.Nxd5 Nxd5 11.Bg3 h5 12.h4 Ne3 13.Qd2 Nxf1 14.Rxf1 Qc6 15.f3 b5
16.Na5 Qc7 17.O-O-O b4 18.axb4 Rb8 19.Qc3 Qb6 20.Nc4 Qxb4 21.Qxb4 Rxb4 22.b3 Bb7
23.Rd3 Bd5 24.Ne3 Bc6 25.Rfd1 Be7 26.Nc4 O-O 27.Rd4 Rb5 28.Nd6 Bxd6 29.Rxd6 a5
30.R6d4 Ra8 31.Kd2 f6 32.Re1 Kf7 33.Re3 Rc5 34.Re1 a4 35.b4 Rd5 36.Rxd5 Bxd5
37.Kd3 Rc8 38.Ra1 Bc4+ 39.Kd2 Bb5 40.Ra3 Rc4 41.c3 fxe5 42.Bxe5 Rxh4 43.Ke3 Rc4
44.Kd2 g5 45.Ra1 Rc6 46.Bd4 d6 47.Kc2 e5 48.Be3 Kg6 49.Kb2 h4 50.Rd1 a3+
51.Kb3 d5 52.Bc5 Bc4+ 53.Kc2 Ra6 54.Kb1 Kf5 55.Be3 a2+ 56.Ka1 Ra3 57.Bd2 Rb3
58.Kxa2 Rxc3+ 59.Kb2 Rb3+ 60.Kc2 Ra3 61.Rg1 d4 62.Bc1 d3+ 63.Kb1 Rb3+ 64.Ka1 Rc3
65.Be3 Rc2 66.Rc1 d2 67.Rd1 Be2 68.Rxd2 Rxd2 69.Bxd2 Bxf3 70.Kb2 Bxg2 71.Be1 Kg4
72.Bc3 Kf4 73.Bd2+ Ke4 74.Be1 Bf1 75.Kc2 Kf3 76.Bc3 h3  0-1

[Event "Pancevo"]
[Site "Pancevo"]
[Date "1989.??.??"]
[Round "7"]
[White "Marjanov, Zika"]
[Black "Karpman, Vadim"]
[Result "0-1"]
[WhiteElo "2265"]
[BlackElo "2480"]

1.e4 c5 2.Nf3 Nc6 3.d4 cxd4 4.Nxd4 Qb6 5.Nb3 Nf6 6.Nc3 e6 7.Be3 Qc7 8.a3 Be7
9.f4 d6 10.Be2 a6 11.O-O O-O 12.Qe1 b5 13.Qf2 Rb8 14.Bf3 Nd7 15.Ne2 Nb6 16.Ned4 Nc4
17.Nxc6 Qxc6 18.e5 Qc7 19.Nd4 dxe5 20.Nc6 Nxe3 21.Nxe7+ Qxe7 22.Qxe3 exf4
23.Qxf4 Bb7 24.Bxb7 Rxb7 25.Kh1 Re8 26.Rae1 Rd7 27.Re2 f6 28.h3 e5 29.Qg3 Qe6
30.Qe3 Qc4 31.b3 Qc6 32.Ref2 Red8 33.Qg3 Rd1 34.Rxd1 Rxd1+ 35.Kh2 Qd6 36.Qg4 e4+
37.Qf4 Kf7 38.Qxd6 Rxd6 39.Re2 f5 40.g4 g6 41.gxf5 gxf5 42.Kg3 Kf6 43.Kf4 Rd1
44.Ke3 Ke5  0-1

[Event "Pancevo"]
[Site "Pancevo"]
[Date "1989.??.??"]
[Round "8"]
[White "Todorovic, Goran M"]
[Black "Kovacevic, Predrag"]
[Result "1-0"]
[WhiteElo "2445"]
[BlackElo "2405"]

1.e4 c5 2.Nf3 Nc6 3.d4 cxd4 4.Nxd4 Qb6 5.Nb3 Nf6 6.Nc3 e6 7.Bd3 a6 8.Qe2 d6
9.f4 Qc7 10.Bd2 Be7 11.g4 Nd7 12.O-O-O Nb4 13.Kb1 Nxd3 14.cxd3 O-O 15.Rc1 Nc5
16.Na4 Bd7 17.Ba5 Qc6 18.Nb6 Qb5 19.Nxa8 Nxb3 20.axb3 Qxa5 21.Rc7 Bc6 22.b4 Qxb4
23.Rxe7 Rxa8 24.Qe1 Qb3 25.Qe3 Rc8 26.Qd4 Bb5 27.Qxd6 Bxd3+ 28.Ka1 Qa4+ 29.Qa3 Qxa3+
30.bxa3 Bxe4 31.Rd1 Bd5 32.Kb2 Kf8 33.Rd7 Rc4 34.Rc1 Rxc1 35.Kxc1 Ke8 36.Rc7 h6
37.h4 Kf8 38.Kd2 a5 39.Kc3 b5 40.Ra7 a4 41.Kd4 g5 42.hxg5 hxg5 43.f5 Bf3
44.f6 Kg8 45.Ra5 Bxg4 46.Rxb5 Bf5 47.Ra5 Kh7 48.Rxa4 g4 49.Rc4 Kg6 50.Ke5 Bd3
51.Rxg4+  1-0

[Event "Rubinstein mem"]
[Site "Polanica Zdroj"]
[Date "1989.??.??"]
[Round "5"]
[White "Dvoirys, Semen I"]
[Black "Gruenberg, Hans Ulrich"]
[Result "1-0"]
[WhiteElo "2470"]
[BlackElo "2475"]

1.e4 c5 2.Nf3 Nc6 3.d4 cxd4 4.Nxd4 Qb6 5.Nb3 Nf6 6.Nc3 e6 7.Bd3 a6 8.O-O Qc7
9.f4 d6 10.Qe2 Be7 11.Bd2 O-O 12.Rae1 b5 13.e5 Nd7 14.exd6 Bxd6 15.Ne4 Bb7
16.Qh5 g6 17.Qh6 Rfe8 18.Nxd6 Qxd6 19.Re3 b4 20.Rh3 Nf8 21.Be3 Qd5 22.Nc5 Ne5
23.Be4  1-0

[Event "Porz op23"]
[Site "Porz"]
[Date "1989.??.??"]
[Round "3"]
[White "Jahr, Ulrich"]
[Black "Luecke, Norbert"]
[Result "1-0"]
[WhiteElo "2235"]
[BlackElo "2375"]

1.e4 c5 2.Nf3 Nc6 3.d4 cxd4 4.Nxd4 Qb6 5.Nb3 Nf6 6.Nc3 e6 7.Be3 Qc7 8.a3 Be7
9.f4 d6 10.Qf3 a6 11.g4 Nd7 12.g5 b5 13.Be2 b4 14.axb4 Nxb4 15.Rc1 Bb7 16.O-O O-O
17.Qh5 Rae8 18.Rf3 g6 19.Qh6 f5 20.Rh3 Rf7 21.exf5 exf5 22.Bd4 Nf8 23.Re3 a5
24.Nd2 d5 25.Bb5 Rc8 26.Ne2 Na2 27.Re1 Qxc2 28.Nf3 Bc5 29.Ne5 Qd2 30.Nf3 Bxd4
31.Nexd4 Qxb2 32.h4 Nc3 33.Be8 Rxe8 34.Rxe8 Ne4 35.Re2 Qc1+ 36.Kg2 Qxf4 37.Rxf8+ Rxf8
38.Qxf8+ Kxf8 39.Ne6+ Kg8 40.Nxf4 d4 41.Rb2 Nc5 42.Rb5 d3 43.Kf2  1-0

[Event "Prague op"]
[Site "Prague"]
[Date "1989.??.??"]
[Round "3"]
[White "Brdicko, Petr"]
[Black "Lupu, Mircea Sergiu"]
[Result "1-0"]
[WhiteElo "2270"]
[BlackElo "2375"]

1.e4 c5 2.Nf3 Nc6 3.d4 cxd4 4.Nxd4 Qb6 5.Nb3 Nf6 6.Nc3 e6 7.Be3 Qc7 8.a3 d6
9.Be2 Be7 10.O-O O-O 11.f4 a6 12.a4 b6 13.Bf3 Rb8 14.Qe2 Na5 15.Nxa5 bxa5
16.Rab1 Rb4 17.Kh1 Bb7 18.Bd2 d5 19.exd5 exd5 20.b3 Re8 21.Qd3 Bc5 22.Ne2 Rbe4
23.Bxe4 dxe4 24.Qg3 e3 25.Bc3 Nh5 26.Qg5 g6 27.f5 Be7 28.Qxe3 Qc6 29.Qh3 Bc5
30.Rbe1 Re4 31.fxg6 hxg6 32.Nf4 Rxe1 33.Rxe1 Bb4 34.Ne2 Bxc3 35.Nxc3 Qf6
36.Qe3 Nf4 37.Ne4 Qe5 38.Kg1 Nxg2 39.Kxg2 f5 40.Kg1 Bxe4 41.Rd1 Kf7 42.Qb6 Qe7
43.Qd8 Qc5+ 44.Kf1 Bxc2 45.Rd6  1-0

[Event "CSR-ch int"]
[Site "Prague"]
[Date "1989.??.??"]
[Round "9"]
[White "Mokry, Karel"]
[Black "Gruenberg, Hans Ulrich"]
[Result "1/2-1/2"]
[WhiteElo "2500"]
[BlackElo "2475"]

1.e4 c5 2.Nf3 Nc6 3.d4 cxd4 4.Nxd4 Qb6 5.Nb3 Nf6 6.Nc3 e6 7.Bd3 Be7 8.O-O d6
9.a4 O-O 10.a5 Qc7 11.f4 Nb4 12.Be3 Bd7 13.Qf3 e5 14.Kh1  1/2-1/2

[Event "Primorsko op"]
[Site "Primorsko"]
[Date "1989.??.??"]
[Round "?"]
[White "Becker, Mario"]
[Black "Grivas, Efstratios"]
[Result "1/2-1/2"]
[WhiteElo "2300"]
[BlackElo "2440"]

1.e4 c5 2.Nf3 Nc6 3.d4 cxd4 4.Nxd4 Qb6 5.Nb3 Nf6 6.Nc3 e6 7.Bd3 Be7 8.Be3 Qc7
9.O-O d6 10.f4 a6 11.Qe2 b5 12.a4 b4 13.Nd1 O-O 14.g4 d5 15.e5 Ne4 16.Bxe4 dxe4
17.a5 Nb8 18.Bb6 Qc6 19.Ne3 Nd7 20.Bd4 f6 21.exf6 Nxf6 22.Be5 Nd5 23.Nd4 Qc5
24.Nxd5 exd5 25.Kg2 Bd7 26.Rfd1 Rae8 27.h3 Bc8 28.Qd2 Qc4 29.Qe2 Qc5 30.Qd2 Qc4
31.Qe2 Qc5  1/2-1/2

[Event "Primorsko op"]
[Site "Primorsko"]
[Date "1989.??.??"]
[Round "?"]
[White "Kaiumov, Dmitry D"]
[Black "Genov, Petar"]
[Result "1-0"]
[WhiteElo "2385"]
[BlackElo "2275"]

1.e4 c5 2.Nf3 Nc6 3.d4 cxd4 4.Nxd4 Qb6 5.Nb3 Nf6 6.Nc3 e6 7.Bd3 Be7 8.O-O O-O
9.Kh1 Qc7 10.f4 d6 11.Nb5 Qb8 12.c4 b6 13.Qe2 Bb7 14.Bd2 a6 15.Nc3 Re8 16.Rf3 a5
17.Be3 Nb4 18.Bb1 d5 19.cxd5 exd5 20.e5 Ne4 21.a3 Ba6 22.Qd1 Nxc3 23.bxc3 Nc6
24.Bxh7+ Kf8 25.Rh3 a4 26.Qxd5 Bxa3 27.Rxa3 Rd8 28.Qxc6 Rd1+ 29.Bg1 Bb7 30.Qxb6 axb3
31.Qc5+ Ke8 32.Bf5 Bxg2+ 33.Kxg2 Qb7+ 34.Kf2 Rd2+ 35.Ke3  1-0

[Event "JUG-Cup (Women)"]
[Site "Pula"]
[Date "1989.??.??"]
[Round "?"]
[White "Pihajlic, Amalija"]
[Black "Maric, Alisa"]
[Result "0-1"]
[WhiteElo "2175"]
[BlackElo "2365"]

1.e4 c5 2.Nf3 Nc6 3.d4 cxd4 4.Nxd4 Qc7 5.Nc3 e6 6.Nf3 a6 7.a3 Nf6 8.Bd3 Be7
9.O-O O-O 10.Qe2 d6 11.h3 b5 12.Bg5 Bb7 13.Rfe1 Rfe8 14.Rad1 b4 15.Nb1 Nd7
16.Bxe7 Rxe7 17.c3 bxc3 18.Nxc3 Nde5 19.Nxe5 Nxe5 20.Bb1 Rc8 21.Rd4 Nc4 22.Rd3 Qb6
23.Nd1 Rec7 24.Rg3 Ne5 25.Nc3 a5 26.h4 Ba6 27.Qd2 Rb7 28.Qg5 g6 29.h5 Qd8
30.Qf4 Rxb2 31.hxg6 fxg6 32.Ba2 Bc4 33.Bxc4 Rxc4 34.Rd1 Qe7 35.a4 Rc8 36.Qc1 Rcb8
37.Nb5 Rb4 38.Nxd6 Rb1 39.Nc8 Qe8 40.Nd6 Rxc1  0-1

[Event "Vinkovci"]
[Site "Vinkovci"]
[Date "1989.??.??"]
[Round "?"]
[White "Krajina, Davor"]
[Black "Grivas, Efstratios"]
[Result "1/2-1/2"]
[WhiteElo "2290"]
[BlackElo "2445"]

1.e4 c5 2.Nf3 Nc6 3.d4 cxd4 4.Nxd4 Qb6 5.Nb3 Nf6 6.Nc3 e6 7.Be3 Qc7 8.a3 a6
9.f4 d6 10.Bd3 Be7 11.Qf3 b5 12.O-O O-O 13.Nd4 Nxd4 14.Bxd4 e5 15.Be3 Bb7
16.Rae1 Rac8 17.Kh1 Qd7 18.Nd5 Bxd5 19.exd5 Ng4 20.Bd2 f5 21.fxe5 Nxe5 22.Qh3 g6
23.Bc3 Bf6 24.Re2 Rc5 25.Rd2 Re8 26.Bb4 Nxd3 27.Qxd3 Rc4 28.Qg3 Be5 29.Qf3 Re4
30.Bc3 Rf4 31.Qd3 Rxf1+ 32.Qxf1 Bxc3 33.bxc3 Qe7 34.h3 Qe4 35.Qd3 Qf4 36.Rd1 Re3
37.Qd2 Qe4 38.Kg1 Re2 39.Qg5 Kg7 40.Kh1 h6 41.Qg3 f4 42.Qg4 h5 43.Qd7+ Kh6
44.Rg1 Qxd5 45.Qd8 Kg7 46.Qd7+ Qf7 47.Qxd6 f3 48.Qd3 fxg2+ 49.Rxg2 Re1+ 50.Rg1 Re6
51.Rf1 Qe7 52.Qd4+ Kg8 53.Qd5 Qd6 54.Qxd6 Rxd6 55.a4 bxa4 56.Ra1 Rc6 57.Rxa4 Kf7
58.Kg2 Ke6 59.Ra3 Kd5 60.Kf3 Rf6+ 61.Kg3 Ke4 62.Ra5 Ke3 63.Rd5 Rc6 64.Kh4 Rxc3
65.Rd6 a5 66.Rxg6 Rc5 67.Rd6 Ke4 68.c4 Ke5 69.Rd8 Ke6 70.Rd1 Ke7 71.Rd2 Ke6
72.Rd1 a4 73.Ra1 Ra5 74.c5 Rxc5 75.Rxa4 Kf7  1/2-1/2

[Event "Vinkovci"]
[Site "Vinkovci"]
[Date "1989.??.??"]
[Round "?"]
[White "Bellia, Fabrizio"]
[Black "Grivas, Efstratios"]
[Result "0-1"]
[WhiteElo "2265"]
[BlackElo "2445"]

1.e4 c5 2.Nf3 Nc6 3.d4 cxd4 4.Nxd4 Qb6 5.Nb3 Nf6 6.Nc3 e6 7.Bd3 Be7 8.Be3 Qc7
9.f4 d6 10.Qf3 a6 11.O-O O-O 12.g4 b5 13.g5 Nd7 14.Qh5 Nb4 15.Rf3 g6 16.Qh6 f5
17.gxf6 Rxf6 18.Rg3 Nf8 19.Nd4 Nxd3 20.cxd3 Bd7 21.a3 Rf7 22.Rc1 Qd8 23.Nce2 Bf6
24.Rg2 Bg7 25.Qg5 e5 26.Nc6 Qe8 27.Nb4 Ne6 28.Qg3 exf4 29.Nxf4 Be5 30.Nbd5 Rc8
31.Rf1 Bc6 32.Qe1 Nxf4 33.Nxf4 Qe7 34.Nh5 Rxf1+ 35.Qxf1 Rf8 36.Qe2 Bd7 37.d4 Bh8
38.Ng3 Bg7 39.Rf2 Rc8 40.Qd3 Qe6 41.Ne2 Re8 42.Ng3 Bc6  0-1

[Event "Legion op"]
[Site "Warsaw"]
[Date "1989.??.??"]
[Round "1"]
[White "Widera, Jan"]
[Black "Danailov, Silvio"]
[Result "0-1"]
[WhiteElo "2265"]
[BlackElo "2385"]

1.e4 c5 2.Nf3 Nc6 3.d4 cxd4 4.Nxd4 Qb6 5.Nb3 Nf6 6.Nc3 e6 7.Be3 Qc7 8.a3 a6
9.Be2 d6 10.f4 b5 11.Bf3 Be7 12.O-O O-O 13.Qe1 Bb7 14.Qg3 Kh8 15.Rad1 Rac8
16.Rf2 Nd7 17.Rfd2 Nb6 18.Be2 Ba8 19.Kh1 Qb8 20.Bxb6 Qxb6 21.e5 dxe5 22.fxe5 Qb8
23.Rd7 Rfe8 24.R1d6 Rc7 25.Bf3 Bxd6 26.Rxd6 Qa7 27.Be4 Ne7 28.Bd3 Nf5 29.Bxf5 exf5
30.Nd4 Rd7 31.Nxf5 g6 32.Qd3 Qf2 33.Ne3 Rxd6 34.exd6 Qxe3 35.Qxe3 Rxe3 36.h3 Re6  0-1

[Event "Legion op"]
[Site "Warsaw"]
[Date "1989.??.??"]
[Round "7"]
[White "Kaminski, Marcin"]
[Black "Danailov, Silvio"]
[Result "1-0"]
[WhiteElo "2265"]
[BlackElo "2385"]

1.e4 c5 2.Nf3 Nc6 3.d4 cxd4 4.Nxd4 Qb6 5.Nb3 Nf6 6.Nc3 e6 7.Bd3 a6 8.O-O Qc7
9.Bg5 Be7 10.f4 d6 11.Kh1 h6 12.Bh4 b5 13.Qe2 b4 14.Nd1 Bb7 15.Ne3 a5 16.Nd2 Nd4
17.Qf2 Qc5 18.e5 Nd5 19.Bxe7 Nxe7 20.Nec4 dxe5 21.fxe5 O-O 22.c3  1-0

[Event "Legion op"]
[Site "Warsaw"]
[Date "1989.??.??"]
[Round "10"]
[White "Gross, Stefan"]
[Black "Adamski, Jan"]
[Result "1/2-1/2"]
[WhiteElo "2425"]
[BlackElo "2435"]

1.e4 c5 2.Nf3 Nc6 3.d4 cxd4 4.Nxd4 Qb6 5.Nb3 Nf6 6.Nc3 e6 7.Bd3 a6 8.Be3 Qc7
9.f4 d6 10.Qf3 b5 11.g4 Nd7 12.Qf2 Bb7 13.a4 b4 14.Ne2 Na5 15.Nxa5 Qxa5 16.Ng3 d5
17.exd5 Bxd5 18.Be4 Rc8 19.O-O Nf6 20.Bxd5 Nxd5 21.Bd4  1/2-1/2